| 000 | 00626cam a22001931 4500 | ||
|---|---|---|---|
| 001 | 000018997 | ||
| 005 | 20200929165911.0 | ||
| 008 | 770317s1972 xxu 000 0 eng | ||
| 020 | _a003085614 | ||
| 040 |
_aDO-SdBNP _bspa _cBNPHU |
||
| 100 | 1 |
_aNash, Roderick, _940875 |
|
| 245 | 1 | 0 |
_aEnvironment and Americans : _bthe problem of priorities / _cRoderick Nash. |
| 260 |
_aNew York, : _bHolt, Rinehart and Winston, _c[197-?]. |
||
| 300 |
_a119 p. ; _c24 cm. |
||
| 490 | 0 | _aAmerican problem studies | |
| 500 | _aTextos en inglés | ||
| 500 | _aIncluye notas al pie de las páginas | ||
| 830 | 0 |
_aAmerican problem studies _940876 |
|
| 999 |
_c18515 _d18515 |
||